[Event "AUTO-OPEN-4237"]
[Site "http://www.queenalice.com/game.php?id=1636048"]
[Date "2020.12.10"]
[Round "1"]
[White "askasl159"]
[Black "Reddaz"]
[Result "1-0"]
[WhiteElo "1867"]
[BlackElo "1930"]

1. e4 c5 2. Nf3 e6 3. Bc4 d5 4. exd5 exd5 5. Bb5+ Bd7 6. Bxd7+ Qxd7 7. O-O Nc6
8. c3 g6 9. d4 cxd4 10. Qe2+ Nge7 11. cxd4 Bg7 12. Rd1 O-O 13. Nc3 Nf5 14. Qb5
a6 15. Qxd5 Qxd5 16. Nxd5 Nfxd4 17. Nxd4 Nxd4 18. Be3 Nc2 19. Rac1 Nxe3 20. Ne7+
Kh8 21. fxe3 Bxb2 22. Rc7 b5 23. Rcd7 Rfe8 24. Nd5 Be5 25. Rxf7 Rad8 26. e4 1-0

[Event "AUTO-OPEN-4237"]
[Site "http://www.queenalice.com/game.php?id=1636049"]
[Date "2020.12.10"]
[Round "1"]
[White "Reddaz"]
[Black "askasl159"]
[Result "0-1"]
[WhiteElo "1942"]
[BlackElo "1873"]

1. d4 d5 2. c4 c6 3. Nf3 h6 4. Nc3 Nf6 5. e3 e6 6. Bd3 Bb4 7. O-O O-O 8. Bd2
Bxc3 9. Bxc3 Nbd7 10. cxd5 cxd5 11. Rc1 a6 12. Ne5 Ne4 13. Bb4 Re8 14. Qc2 Nxe5
15. dxe5 f5 16. exf6 Qxf6 17. Bc3 Nxc3 18. bxc3 b5 19. a4 bxa4 20. Qxa4 Qe7 0-1

[Event "Challenge"]
[Site "http://www.queenalice.com/game.php?id=1637117"]
[Date "2020.12.20"]
[Round "-"]
[White "Reddaz"]
[Black "Rasumichin"]
[Result "1-0"]
[WhiteElo "1918"]
[BlackElo "1764"]

1. d4 d5 2. c4 dxc4 3. e3 b5 4. Qf3 c6 5. Nc3 Nf6 6. Nxb5 Qd5 7. Nc7+ Kd7 8.
Nxd5 cxd5 9. Bxc4 e6 10. Ne2 Be7 11. Nc3 Nc6 12. Bb5 Bb7 13. e4 a6 14. Ba4 Bb4
15. O-O Ke7 16. exd5 Nxd4 17. d6+ Bxd6 18. Qxb7+ Nd7 19. Qxd7+ Kf6 20. Qxd6 Rhd8
21. Nd5+ Kg6 22. Qg3+ Kf5 23. Qf4+ 1-0

[Event "Challenge"]
[Site "http://www.queenalice.com/game.php?id=1637118"]
[Date "2020.12.20"]
[Round "-"]
[White "Rasumichin"]
[Black "Reddaz"]
[Result "0-1"]
[WhiteElo "1824"]
[BlackElo "1923"]

1. e4 c5 2. Nf3 e6 3. Nc3 d5 4. exd5 exd5 5. Qe2+ Ne7 6. d4 cxd4 7. Nxd4 g6 8.
Bg5 Nc6 9. Nxc6 bxc6 10. g3 Bg7 11. Bg2 O-O 12. Bxe7 Qb6 13. Bxf8 Qxb2 14. O-O
Qxc3 15. Qe8 Bxf8 16. Rac1 Bb7 17. Qe2 Qa3 18. c3 Ba6 19. Qd2 Bxf1 20. Rxf1 Bg7
21. Re1 Bxc3 22. Qd1 Bxe1 23. Qxe1 Qxa2 24. Bh3 Rb8 25. Bd7 Rb1 26. Qf1 Rxf1+
27. Kxf1 c5 28. Bc6 Qa6+ 0-1

[Event "Challenge"]
[Site "http://www.queenalice.com/game.php?id=1637125"]
[Date "2020.12.20"]
[Round "-"]
[White "Reddaz"]
[Black "ROYANDROLL"]
[Result "1-0"]
[WhiteElo "1902"]
[BlackElo "1537"]

1. d4 d5 2. c4 c6 3. e3 Qd6 4. Nc3 e6 5. Nf3 h6 6. cxd5 cxd5 7. Bd3 f5 8. O-O g5
9. Nb5 Qe7 10. Ne5 Qg7 11. Qh5+ Kd8 12. Nf7+ Kd7 13. Nxh8 Qxh8 14. Qf7+ Kc6 15.
Qc7# 1-0

[Event "Sheriff of Rock Ridge"]
[Site "http://www.queenalice.com/game.php?id=1638306"]
[Date "2020.12.31"]
[Round "-"]
[White "Reddaz"]
[Black "sph44"]
[Result "1-0"]
[WhiteElo "1968"]
[BlackElo "1896"]

1. d4 d5 2. c4 dxc4 3. e3 b5 4. Qf3 c6 5. Nc3 a6 6. b3 cxb3 7. axb3 Nf6 8. h3 e6
9. Nxb5 Bb4+ 10. Bd2 Bxd2+ 11. Kxd2 Nd5 12. e4 Nb4 13. e5 O-O 14. Nd6 Qb6 15.
Qe4 Nd7 16. Nf3 f5 17. exf6 Rxf6 18. Bc4 Nf8 19. Ng5 Rxf2+ 20. Ke1 Rf6 21. Rf1
Nd5 22. Rxf6 Nxf6 23. Qe5 h6 24. Bxe6+ Nxe6 25. Nxc8 Qxb3 26. Ne7+ Kf8 27. Nxe6+
Kxe7 28. Nc5+ Kf7 29. Nxb3 Re8 30. Qxe8+ Kxe8 31. Rxa6 1-0

[Event "Spaceballs"]
[Site "http://www.queenalice.com/game.php?id=1638307"]
[Date "2020.12.31"]
[Round "-"]
[White "sph44"]
[Black "Reddaz"]
[Result "0-1"]
[WhiteElo "1922"]
[BlackElo "1984"]

1. e4 c5 2. Bc4 e6 3. Nf3 Nc6 4. O-O g6 5. d4 cxd4 6. Nxd4 Bg7 7. Nxc6 bxc6 8.
c3 Ne7 9. Qf3 O-O 10. Be3 d5 11. exd5 cxd5 12. Nd2 Bb7 13. Rad1 Nc6 14. Bb5 Ne5
15. Qe2 a6 16. Ba4 Rc8 17. f4 Nc4 18. Nxc4 Rxc4 19. Bb3 Re4 20. Rd3 d4 21. cxd4
Bxd4 22. Rxd4 Qxd4 23. Re1 Rxe3 24. Qxe3 Qxb2 25. Re2 Qf6 26. Rf2 Rc8 27. g3
Qa1+ 28. Rf1 Qb2 29. Qf2 Qxf2+ 30. Rxf2 a5 31. Rc2 Rd8 32. Kf2 h5 33. h4 Bd5 34.
Bxd5 exd5 35. Rc5 d4 36. Rxa5 d3 37. Ke1 d2+ 38. Kd1 Rd3 39. Ra8+ Kg7 40. Rb8
Rxg3 41. Rb3 Rg4 42. Kxd2 Rxf4 43. Kc3 Rxh4 44. Rb4 Rxb4 45. Kxb4 h4 0-1

[Event "Challenge"]
[Site "http://www.queenalice.com/game.php?id=1643298"]
[Date "2021.2.12"]
[Round "-"]
[White "Reddaz"]
[Black "Fauquinelle"]
[Result "1-0"]
[WhiteElo "1960"]
[BlackElo "1922"]

1. d4 f5 2. c4 Nf6 3. Nc3 e6 4. Bf4 Bb4 5. Rc1 d5 6. e3 O-O 7. Bd3 Ne4 8. Ne2 c6
9. O-O Bd6 10. cxd5 cxd5 11. Bxd6 Qxd6 12. Nb5 Qd8 13. Nc7 Nc6 14. Nxa8 Bd7 15.
f3 Ng5 16. Nf4 Qxa8 17. Bb5 a6 18. Bxc6 bxc6 19. Qa4 Rd8 20. Rc5 Rb8 21. Nd3 Nf7
22. Nb4 Rb6 23. Rfc1 Nd8 24. a3 Kf7 25. e4 g6 26. exf5 gxf5 27. Nd3 Ke7 28. Qa5
Rb5 29. Rxb5 cxb5 30. Qb4+ Ke8 31. Rc7 Nc6 32. Qd6 Qd8 33. Nc5 Nb8 34. Nxd7 1-0

[Event "Challenge"]
[Site "http://www.queenalice.com/game.php?id=1643299"]
[Date "2021.2.12"]
[Round "-"]
[White "Fauquinelle"]
[Black "Reddaz"]
[Result "1-0"]
[WhiteElo "1922"]
[BlackElo "1965"]

1. c4 e5 2. Nc3 Nf6 3. Nf3 e4 4. Ng5 Qe7 5. d4 exd3 6. Qxd3 g6 7. g3 Bg7 8. Bg2
O-O 9. O-O h6 10. Nge4 Re8 11. Nxf6+ Qxf6 12. Bf4 d6 13. Rab1 Nc6 14. Rfe1 Bf5
15. e4 Be6 16. Nd5 Bxd5 17. cxd5 Nb4 18. Qc4 Na6 19. Bd2 Re7 20. h4 Rae8 21. Bc3
Re5 22. f4 1-0

[Event " IndigoMoon7"]
[Site "http://www.queenalice.com/game.php?id=1644392"]
[Date "2021.2.22"]
[Round "-"]
[White "zubarev"]
[Black "Reddaz"]
[Result "0-1"]
[WhiteElo "1728"]
[BlackElo "1958"]

1. d4 Nf6 2. Nc3 e6 3. e4 Bb4 4. Bd2 Bxc3 5. Bxc3 Nxe4 6. Qd3 d5 7. Nf3 O-O 8.
Be2 Nd7 9. Ne5 Qf6 10. O-O b6 11. f4 a5 12. Bf3 Ba6 13. Nxd7 Qxf4 14. Qd1 Rfd8
15. Be2 Qd6 16. Ne5 f6 17. Bxa6 fxe5 18. Qf3 Rf8 19. Qd3 exd4 20. Rxf8+ Rxf8 21.
Qxd4 Qe7 22. Bd3 Nxc3 23. bxc3 c5 24. Qe3 c4 25. Be2 b5 26. Qb6 Qf6 0-1

[Event "THAT'S HOT"]
[Site "http://www.queenalice.com/game.php?id=1644393"]
[Date "2021.2.22"]
[Round "-"]
[White "Reddaz"]
[Black "zubarev"]
[Result "1-0"]
[WhiteElo "1951"]
[BlackElo "1735"]

1. d4 d5 2. c4 Nf6 3. Bf4 e6 4. e3 Be7 5. Nc3 O-O 6. Rc1 Bd7 7. cxd5 Nxd5 8. Bc4
c6 9. Nge2 f5 10. O-O Nxf4 11. Nxf4 Qc8 12. a3 Bg5 13. Nce2 Qd8 14. Bxe6+ Kh8
15. Qb3 Qf6 16. Qxb7 Bxe6 17. Qxa8 Bf7 18. Qxa7 Qd6 19. b4 Nd7 20. Qa6 Nb8 21.
Qd3 Nd7 22. Qxf5 1-0

[Event "AUTO-ADV-4474"]
[Site "http://www.queenalice.com/game.php?id=1646465"]
[Date "2021.3.13"]
[Round "1"]
[White "Reddaz"]
[Black "sia"]
[Result "1-0"]
[WhiteElo "1998"]
[BlackElo "2004"]

1. d4 d5 2. c4 c6 3. Bf4 dxc4 4. e3 h6 5. Bxc4 Nf6 6. Nf3 Bg4 7. h3 Bh5 8. g4
Bg6 9. Nc3 e6 10. a4 Bb4 11. Qb3 Qa5 12. O-O Nbd7 13. Rac1 Bxc3 14. Rxc3 Nb6 15.
Ne5 Nbd5 16. Qxb7 O-O 17. Bxd5 Nxd5 18. Nxg6 Nxc3 19. Nxf8 Ne2+ 20. Kh1 Rxf8 21.
Qxc6 Nxf4 22. exf4 Qd2 23. Qc3 Qxf4 24. Kg1 Rd8 25. Rd1 e5 26. Qe3 Qf6 27. d5
Qa6 28. Qe4 f6 29. b3 Qb6 30. b4 a6 31. a5 Qd6 32. f3 Rb8 33. Rb1 Rb5 34. Rc1
Rxd5 35. Rc8+ Kf7 36. Qc4 Kg6 37. Qe4+ Kg5 38. Kf2 g6 39. Qe3+ Kh4 40. Qxh6# 1-0

[Event "AUTO-ADV-4474"]
[Site "http://www.queenalice.com/game.php?id=1646466"]
[Date "2021.3.13"]
[Round "1"]
[White "sia"]
[Black "Reddaz"]
[Result "0-1"]
[WhiteElo "1834"]
[BlackElo "1974"]

1. e4 c5 2. d3 g6 3. Nf3 Bg7 4. Nc3 Nc6 5. Bd2 e6 6. Be2 Nge7 7. O-O O-O 8. h3
Re8 9. a3 d5 10. exd5 exd5 11. Re1 Qb6 12. Rb1 Bf5 13. Nh4 Nd4 14. Nxf5 Ndxf5
15. Bf3 Rad8 16. Nxd5 Nxd5 17. Rxe8+ Rxe8 18. Bxd5 Bxb2 19. Bc1 Qd6 20. Bxb7 Bd4
21. Qf3 Re1# 0-1

[Event "AUTO-ADV-4474"]
[Site "http://www.queenalice.com/game.php?id=1646467"]
[Date "2021.3.13"]
[Round "1"]
[White "Reddaz"]
[Black "talisman77"]
[Result "1-0"]
[WhiteElo "1976"]
[BlackElo "1658"]

1. d4 d5 2. c4 Nf6 3. Bf4 e6 4. a3 a5 5. e3 Be7 6. Nc3 c6 7. Bd3 O-O 8. Rc1 b6
9. Nf3 Nbd7 10. O-O Ba6 11. cxd5 exd5 12. Ne5 Bxd3 13. Qxd3 Qc8 14. Bg5 Re8 15.
Bxf6 Bxf6 16. Nxd5 1-0

[Event "AUTO-ADV-4474"]
[Site "http://www.queenalice.com/game.php?id=1646468"]
[Date "2021.3.13"]
[Round "1"]
[White "talisman77"]
[Black "Reddaz"]
[Result "0-1"]
[WhiteElo "1665"]
[BlackElo "1947"]

1. d4 e6 2. e4 c5 3. Bf4 d5 4. exd5 exd5 5. Nc3 Nf6 6. g3 Nc6 7. Nf3 Bg4 8. Be2
Bxf3 9. Bxf3 Nxd4 10. Bg2 Be7 11. O-O O-O 12. Re1 Re8 13. b3 b5 14. Ne2 Ne6 0-1

[Event "AUTO-ADV-4474"]
[Site "http://www.queenalice.com/game.php?id=1646469"]
[Date "2021.3.13"]
[Round "1"]
[White "Reddaz"]
[Black "marcoswerneck"]
[Result "0-1"]
[WhiteElo "1979"]
[BlackElo "1905"]

1. d4 d5 2. c4 h6 3. Bf4 Nf6 4. e3 Bf5 5. Nc3 a6 6. Qb3 b6 7. cxd5 e6 8. dxe6
Bxe6 9. Bc4 Bxc4 10. Qxc4 Bd6 11. Nge2 O-O 12. O-O b5 13. Qd3 Nc6 14. a3 Ne7 15.
Rac1 Bxf4 16. Nxf4 c6 17. h3 Ned5 18. Ncxd5 cxd5 19. b4 Qd6 20. Rfe1 Ne4 21. f3
Nf6 0-1

[Event "AUTO-ADV-4474"]
[Site "http://www.queenalice.com/game.php?id=1646470"]
[Date "2021.3.13"]
[Round "1"]
[White "marcoswerneck"]
[Black "Reddaz"]
[Result "1-0"]
[WhiteElo "1866"]
[BlackElo "1981"]

1. e4 c5 2. d3 e6 3. h3 Nc6 4. a3 g6 5. c3 Bg7 6. Nf3 Nge7 7. Be3 d6 8. Be2 O-O
9. Nbd2 b5 10. O-O Bb7 11. Rc1 a5 12. b3 b4 13. a4 bxc3 14. Nb1 d5 15. Bxc5 d4
16. Bxe7 Qxe7 17. Na3 Qxa3 18. Ng5 Nb4 19. Ra1 Qb2 20. Rb1 Qa3 21. Ra1 Qb2 22.
Rb1 Qa2 23. Ra1 Qc2 24. Qe1 Qxb3 25. Rb1 Qxa4 26. Bd1 Qb5 27. Qe2 Qxg5 28. Qg4
Qc5 29. Qe2 c2 30. Bxc2 Nxc2 31. Rxb7 Rab8 32. Rxb8 1-0

[Event "20 Dez 2021 14:39"]
[Site "http://www.queenalice.com/game.php?id=1777860"]
[Date "2021.12.21"]
[Round "-"]
[White "zubarev"]
[Black "Reddaz"]
[Result "0-1"]
[WhiteElo "1810"]
[BlackElo "2036"]

1. e4 c5 2. Nf3 d6 3. Be2 Nc6 4. O-O g6 5. d3 Bg7 6. Nc3 e6 7. Be3 Nge7 8. Qd2
O-O 9. Rac1 Qb6 10. Rb1 Bd7 11. d4 cxd4 12. Na4 Qb4 13. Qxb4 Nxb4 14. Bxd4 Bxd4
15. Nxd4 Bxa4 16. b3 Bc6 17. Nxc6 Nexc6 18. c3 Nxa2 19. c4 Nc3 20. Rb2 Nxe4 21.
Bf3 f5 22. Rd1 Rad8 23. b4 a6 24. b5 Na5 25. bxa6 bxa6 26. Rb6 Nxc4 27. Rxa6 Rd7
28. Bxe4 fxe4 29. Rd4 Rb7 30. h3 Rb1+ 31. Kh2 Rxf2 32. Rxc4 e3 33. Ra7 e2 34.
Rc8+ Rf8 35. Rcc7 Rh1+ 36. Kxh1 e1=Q+ 37. Kh2 Qe5+ 38. Kg1 Qe3+ 39. Kh2 Qf4+ 40.
Kg1 Rf7 41. Rc8+ Kg7 42. Raa8 Rb7 43. Ra1 Qd4+ 44. Kh2 Qxa1 0-1

[Event "Let's Play Chess!"]
[Site "http://www.queenalice.com/game.php?id=1785946"]
[Date "2022.3.31"]
[Round "-"]
[White "Reddaz"]
[Black "igor12345"]
[Result "1/2-1/2"]
[WhiteElo "2043"]
[BlackElo "2021"]

1. e4 c5 2. Nf3 d6 3. Bc4 Nf6 4. Nc3 a6 5. d4 b5 6. Be2 b4 7. e5 dxe5 8. dxe5
Qxd1+ 9. Nxd1 Nd5 10. Bc4 Nb6 11. Ne3 e6 12. O-O N8d7 13. Bd2 Bb7 14. Be2 g6 15.
Ng4 Bg7 16. Rad1 O-O 17. Bf4 Bd5 18. b3 f5 19. exf6 Nxf6 20. Nxf6+ Bxf6 21. Bd6
Rfc8 22. Ne5 a5 23. Rfe1 Bxe5 24. Bxe5 c4 25. f4 Kf7 26. Bg4 cxb3 27. cxb3 Rc2
28. Re2 Rac8 29. Ra1 Nd7 30. a4 Bxb3 31. Bd6 R8c6 32. Rxc2 Rxc2 33. h3 Bd5 34.
Bf3 Bxf3 35. gxf3 b3 36. Rb1 Rc3 37. Kf2 Nb6 38. Be5 Rc2+ 39. Kg3 Nc4 40. Rxb3
Nxe5 41. fxe5 Rc4 42. Rb7+ Kg8 43. Re7 Rxa4 44. Rxe6 g5 45. Rc6 Kf7 46. Rh6 Kg7
47. e6 Rb4 48. e7 Rb8 49. Ra6 a4 50. Rxa4 Re8 51. f4 gxf4+ 52. Rxf4 Rxe7 53. h4
1/2-1/2